00593nam a22001817a 450000500170000001000150001702000260003203500140005803700130007208200120008524500720009726000370016927000700020630000320027650000610030870000240036970000180039320170713164238.0 aENG-119181 a9788175417816c350.00 aEN-102713 bDBAD/PUB a370.954 aIndian education :cedited by Marmar Mukhopadyay [and] Madhu Parhar aDelhibShipra Publicationsc2016 aLG-18-19,Pankaj Central Market,I.P.Ext. PatparganjbDelhie110092 aviii,327p.:c23cm(pbk)bill aIncludes references,bibliographical references and index a Mukhopadyay,Marmar aParhar,Madhu